सावरकर गाथा. (Record no. 1295667)

MARC details
000 -LEADER
fixed length control field 00634nam a2200181Ia 4500
008 - FIXED-LENGTH DATA ELEMENTS--GENERAL INFORMATION
fixed length control field 151202s9999||||xx |||||||||||||| ||und||
082 ## - DEWEY DECIMAL CLASSIFICATION NUMBER
Item number PNVM-29703
100 ## - MAIN ENTRY--PERSONAL NAME
Personal name आफळे गोविंदस्वामी.
245 ## - TITLE STATEMENT
Title सावरकर गाथा.
260 ## - PUBLICATION, DISTRIBUTION, ETC. (IMPRINT)
Name of publisher, distributor, etc "गोविंद स्वामी आफळे,मुंबई."
260 ## - PUBLICATION, DISTRIBUTION, ETC. (IMPRINT)
Date of publication, distribution, etc 1945
300 ## - PHYSICAL DESCRIPTION
Extent 28
600 ## - SUBJECT ADDED ENTRY--PERSONAL NAME
Personal name आफळे गोविंदस्वामी.
630 ## - SUBJECT ADDED ENTRY--UNIFORM TITLE
Uniform title सावरकर गाथा.
700 ## - ADDED ENTRY--PERSONAL NAME
Personal name आफळे गोविंदस्वामी.
730 ## - ADDED ENTRY--UNIFORM TITLE
Uniform title सावरकर गाथा.
942 ## - ADDED ENTRY ELEMENTS (KOHA)
Koha item type Book
Holdings
Withdrawn status Lost status Damaged status Not for loan Home library Current library Date acquired Cost, normal purchase price Total Checkouts Full call number Barcode Date last seen Cost, replacement price Price effective from Koha item type
        Pune Nagar Vachan Mandir, Pune Pune Nagar Vachan Mandir, Pune 06/21/2015 0.00   PNVM-29703 PNVM-29703 12/02/2015 0.00 12/02/2015 Book